000 00471nam a2200157 i 4500
001 70391
003 ES-MaACL
005 20230906170814.0
007 t|
008 040722s1976 sp ||||1| spa d
100 1 _aGarcía San Miguel, Luis.
_955254
245 1 0 _aEscritos sobre la libertad política y el socialismo /
_cLuis García San Miguel.
260 _aValencia :
_bFernando Torres,
_c[1976]
300 _a268 p. ;
_c18 cm.
852 _aES-MaACL
_jE-10129
_bR.94433
999 _c70391
_d70391